| 000 | 00784cam a2200205 4500 | ||
|---|---|---|---|
| 001 | L137350 | ||
| 008 | 070330s2007 xxk f 000 0 eng d | ||
| 035 | _a(Sirsi) u137350 | ||
| 041 | 0 | _aeng | |
| 100 | 1 | _aGloyn, Bill | |
| 245 | 0 | 0 | _aAvoid the shadow of rights-of-light disputes |
| 260 | _c2007 | ||
| 490 | 0 |
_aProperty Week _v23 March 2007, 63(1) |
|
| 520 | _aDiscusses insurance policies that provide indemnity in respect of rights-of-light claims against developers. Discusses legal indemnities that provide cover when known legal situations become problematic. | ||
| 590 | _aKA | ||
| 651 | 4 |
_aEngland and Wales _y1543- |
|
| 690 | _aMANAGEMENT-BUSINESS MANAGEMENT-INSURANCE | ||
| 690 | _aPROPERTY-PROPERTY MANAGEMENT-EASEMENTS-RIGHTS TO LIGHT DETERMINATION | ||
| 942 | _n0 | ||
| 999 |
_c106745 _d106745 |
||